| 000 | 01001nam a2200301Ia 4500 | ||
|---|---|---|---|
| 005 | 20220317001159.0 | ||
| 008 | 160825s1997 sp g 000 0 spa | ||
| 020 | _a8476726899 | ||
| 100 | 1 |
_aHomero _dsiglo IX a.C |
|
| 245 | 1 | 3 |
_aLa odisea _cHomero ; traducción Luis Segala y Estalella ; prólogo y presentación Francesc L. Cardona |
| 250 | _a2a. edición | ||
| 300 |
_a317 páginas _c24 cm |
||
| 490 | _aFontana | ||
| 650 | 1 | 4 |
_2LEMB _aPoesía épica griega |
| 650 | 1 | 4 |
_2LEMB _aLiteratura griega |
| 650 | 1 | 4 |
_2LEMB _aMitología griega |
| 650 | 1 | 4 |
_2LEMB _aHéroes en la literatura |
| 650 | 1 | 4 |
_2LEMB _aAventuras en la literatura |
| 650 | 1 | 4 |
_2LEMB _aBatallas en la literatura |
| 700 | 1 |
_aSegala y Estalella, Luis _967312 |
|
| 942 |
_2loc _cBKLIT |
||
| 264 |
_aBarcelona _bEdicomunicación _c1997 |
||
| 336 |
_atexto _btxt _2rdacontent |
||
| 337 |
_asin mediación _bn _2rdamedia |
||
| 338 |
_avolumen _bnc _2rdacarrier |
||
| 040 |
_aCO-BoRNBP _bspa _erda _cCO-BoRNBP |
||
| 084 | _aP HOM1 | ||
| 999 |
_c6169 _d6169 |
||